| 000 | 00604nam a22001937a 4500 | ||
|---|---|---|---|
| 005 | 20241203160110.0 | ||
| 010 | _aENG-142792 | ||
| 020 |
_a9789364441889 _c599.00 |
||
| 035 | _aEN-126324 | ||
| 037 | _bDBAD | ||
| 082 |
_a913 _21 |
||
| 100 |
_a P. Ravikumar _974607 |
||
| 245 |
_aGeography of India: _bFrom Himalayas to Coastlines/ _cby P. Ravikumar |
||
| 250 | _a1 | ||
| 260 |
_aChennai _bMcGraw Hill Education Private Ltd _c2024 |
||
| 270 |
_aAnjana Complex No. 5/90 A, Butt Road, St Thomas Mount _bChennai _e600016 |
||
| 300 |
_a586p. _c24cm(pb) |
||
| 942 |
_2ddc _cEN _mPRA _h913 _e1 |
||
| 999 |
_c207376 _d207376 |
||